[Event "WCO 2016"]
[Site "?"]
[Date "2016.09.13"]
[Round "11"]
[Board "9"]
[WhiteID "19700288"]
[White "Varona-Thomas Maria"]
[BlackID "11501723"]
[Black "Faqeeh Rahaf"]
[Result "1-0"]
[BlackElo "1450"]
[WhiteElo "1775"]
[LiveChessVersion "1.4.8"]

1. d4 {[%clk 1:30:58]} Nf6 {[%clk 1:30:55]} 2. e3 {[%clk 1:30:33]} e6
{[%clk 1:31:04]} 3. Bd3 {[%clk 1:30:58]} c5 {[%clk 1:30:15]} 4. c3
{[%clk 1:31:16]} d5 {[%clk 1:30:00]} 5. Nd2 {[%clk 1:31:32]} Nc6 {[%clk 1:29:36]}
6. Ngf3 {[%clk 1:31:41]} Bd6 {[%clk 1:28:03]} 7. O-O {[%clk 1:31:54]} O-O
{[%clk 1:27:28]} 8. dxc5 {[%clk 1:10:39]} Bxc5 {[%clk 1:27:29]} 9. e4
{[%clk 1:08:16]} dxe4 {[%clk 1:18:27]} 10. Nxe4 {[%clk 1:08:22]} Nxe4
{[%clk 1:18:49]} 11. Bxe4 {[%clk 1:08:46]} Qxd1 {[%clk 1:18:55]} 12. Rxd1
{[%clk 1:09:11]} Ne7 {[%clk 1:13:44]} 13. Ne5 {[%clk 1:04:22]} h6
{[%clk 1:10:27]} 14. g3 {[%clk 0:58:50]} Rb8 {[%clk 1:06:14]} 15. Be3
{[%clk 0:46:34]} Bxe3 {[%clk 1:04:10]} 16. fxe3 {[%clk 0:45:04]} Nf5
{[%clk 1:01:00]} 17. Bxf5 {[%clk 0:41:20]} exf5 {[%clk 1:01:23]} 18. Nd7
{[%clk 0:41:48]} Bxd7 {[%clk 1:01:23]} 19. Rxd7 {[%clk 0:42:15]} g6
{[%clk 0:59:14]} 20. Rad1 {[%clk 0:41:51]} a5 {[%clk 0:55:59]} 21. Rc7
{[%clk 0:35:42]} Rfc8 {[%clk 0:55:46]} 22. Rdd7 {[%clk 0:35:10]} Rxc7
{[%clk 0:55:53]} 23. Rxc7 {[%clk 0:35:36]} a4 {[%clk 0:52:36]} 24. Kf2
{[%clk 0:34:11]} b5 {[%clk 0:52:43]} 25. a3 {[%clk 0:29:44]} Kg7 {[%clk 0:52:22]}
26. Rc6 {[%clk 0:27:51]} g5 {[%clk 0:52:03]} 27. h3 {[%clk 0:24:19]} h5
{[%clk 0:51:22]} 28. Rd6 {[%clk 0:23:03]} f6 {[%clk 0:43:48]} 29. Rd5
{[%clk 0:19:27]} Kg6 {[%clk 0:43:23]} 30. Ke2 {[%clk 0:10:49]} h4
{[%clk 0:39:16]} 31. gxh4 {[%clk 0:10:19]} gxh4 {[%clk 0:39:19]} 32. Kf3
{[%clk 0:10:09]} Rb7 {[%clk 0:37:24]} 33. Kf4 {[%clk 0:10:03]} 1-0

[Event "WCO 2016"]
[Site "?"]
[Date "2016.09.13"]
[Round "11"]
[Board "10"]
[WhiteID "11500522"]
[White "Albzoor Anwar"]
[BlackID "19700431"]
[Black "Persaud Yolander"]
[Result "1-0"]
[BlackElo "1151"]
[WhiteElo "1570"]
[LiveChessVersion "1.4.8"]

1. Nf3 {[%clk 1:30:56]} d5 {[%clk 1:30:50]} 2. c4 {[%clk 1:31:19]} c6
{[%clk 1:31:02]} 3. g3 {[%clk 1:31:21]} Nf6 {[%clk 1:30:59]} 4. Bg2
{[%clk 1:31:23]} Bf5 {[%clk 1:30:45]} 5. cxd5 {[%clk 1:30:40]} cxd5
{[%clk 1:31:01]} 6. Nc3 {[%clk 1:26:40]} e6 {[%clk 1:31:00]} 7. Nh4
{[%clk 1:23:16]} Bg4 {[%clk 1:30:06]} 8. d4 {[%clk 1:22:15]} Nc6 {[%clk 1:29:40]}
9. O-O {[%clk 1:22:16]} Bd6 {[%clk 1:29:42]} 10. Nb5 {[%clk 1:20:24]} O-O
{[%clk 1:26:43]} 11. Nxd6 {[%clk 1:12:57]} Qxd6 {[%clk 1:26:12]} 12. h3
{[%clk 1:06:56]} Bh5 {[%clk 1:24:36]} 13. Nf3 {[%clk 0:59:05]} h6
{[%clk 1:19:15]} 14. Bf4 {[%clk 0:52:52]} Qd8 {[%clk 1:12:25]} 15. Rc1
{[%clk 0:48:30]} Bxf3 {[%clk 1:02:23]} 16. Bxf3 {[%clk 0:46:44]} Qb6
{[%clk 0:58:43]} 17. e3 {[%clk 0:30:26]} Qxb2 {[%clk 0:50:14]} 18. Rb1
{[%clk 0:23:25]} Qxa2 {[%clk 0:42:08]} 19. Rxb7 {[%clk 0:23:00]} Qa6
{[%clk 0:38:50]} 20. Qb1 {[%clk 0:18:52]} Rfc8 {[%clk 0:26:23]} 21. Qb2
{[%clk 0:14:17]} Na5 {[%clk 0:17:54]} 22. Rb4 {[%clk 0:09:50]} Nd7
{[%clk 0:12:54]} 23. Be2 {[%clk 0:07:40]} Nc4 {[%clk 0:10:56]} 24. Ra1 Nxb2
{[%clk 0:09:35]} 25. Bxa6 {[%clk 0:06:41]} Rc2 {[%clk 0:05:00]} 26. g4
{[%clk 0:04:13]} Nb6 {[%clk 0:04:06]} 27. Bg3 {[%clk 0:03:04]} N6c4
{[%clk 0:03:51]} 28. Bb7 {[%clk 0:02:38]} Nd3 {[%clk 0:03:45]} 29. Rxc4
{[%clk 0:02:15]} Rxc4 {[%clk 0:03:31]} 30. Bxa8 {[%clk 0:02:40]} Rc1+
{[%clk 0:03:31]} 31. Rxc1 {[%clk 0:02:56]} Nxc1 {[%clk 0:03:56]} 32. Bc6
{[%clk 0:02:19]} a5 {[%clk 0:03:44]} 33. Bc7 {[%clk 0:02:43]} Ne2+
{[%clk 0:01:56]} 34. Kg2 {[%clk 0:02:46]} Nc3 {[%clk 0:00:50]} 35. Bxa5
{[%clk 0:03:05]} Ne4 {[%clk 0:00:46]} 36. Bd7 {[%clk 0:02:28]} g6
{[%clk 0:00:43]} 37. Bd8 {[%clk 0:02:00]} Kg7 {[%clk 0:00:37]} 38. Kf3
{[%clk 0:02:06]} f5 {[%clk 0:00:31]} 39. Bxe6 {[%clk 0:02:05]} 1-0

[Event "WCO 2016"]
[Site "?"]
[Date "2016.09.13"]
[Round "11"]
[Board "13"]
[WhiteID "10800794"]
[White "Jumba Gloria"]
[BlackID "11100540"]
[Black "Blackman Katrina"]
[Result "1-0"]
[BlackElo "1642"]
[WhiteElo "1591"]
[LiveChessVersion "1.4.8"]

1. d4 {[%clk 1:30:50]} e6 {[%clk 1:30:58]} 2. c4 {[%clk 1:31:11]} Nf6
{[%clk 1:31:26]} 3. Nf3 {[%clk 1:31:35]} d5 {[%clk 1:27:47]} 4. e3
{[%clk 1:31:52]} Nc6 {[%clk 1:27:08]} 5. Bd3 {[%clk 1:32:13]} Be7
{[%clk 1:26:50]} 6. O-O {[%clk 1:32:37]} O-O {[%clk 1:27:17]} 7. Nc3
{[%clk 1:33:03]} b6 {[%clk 1:26:19]} 8. a3 {[%clk 1:30:24]} Bb7 {[%clk 1:23:29]}
9. cxd5 {[%clk 1:29:04]} Nxd5 {[%clk 1:18:36]} 10. Qc2 {[%clk 1:24:53]} g6
{[%clk 1:13:32]} 11. Bd2 {[%clk 1:24:35]} Nb8 {[%clk 1:01:50]} 12. Nxd5
{[%clk 1:19:04]} Bxd5 {[%clk 1:01:58]} 13. Be4 {[%clk 1:19:06]} Bxe4
{[%clk 0:54:25]} 14. Qxe4 {[%clk 1:19:33]} Nd7 {[%clk 0:54:53]} 15. Rac1
{[%clk 1:17:23]} c5 {[%clk 0:51:24]} 16. Bc3 {[%clk 1:16:08]} Bf6
{[%clk 0:46:20]} 17. dxc5 {[%clk 1:12:38]} Nxc5 {[%clk 0:44:19]} 18. Qc2
{[%clk 1:11:39]} Bxc3 {[%clk 0:43:43]} 19. Qxc3 {[%clk 1:12:01]} Rc8
{[%clk 0:40:12]} 20. Rcd1 {[%clk 1:05:49]} Qc7 {[%clk 0:36:25]} 21. Rc1
{[%clk 1:03:54]} Qb7 {[%clk 0:36:54]} 22. Qf6 {[%clk 1:03:40]} Ne4
{[%clk 0:25:45]} 23. Qe5 {[%clk 0:58:49]} Rxc1 {[%clk 0:25:07]} 24. Rxc1
{[%clk 0:59:11]} Rd8 {[%clk 0:22:58]} 25. h3 {[%clk 0:54:29]} Nc5
{[%clk 0:23:12]} 26. Qf6 {[%clk 0:54:30]} Qd7 {[%clk 0:23:07]} 27. Ne5
{[%clk 0:53:23]} Qe8 {[%clk 0:22:58]} 28. Ng4 {[%clk 0:50:14]} h5
{[%clk 0:14:09]} 29. Nh6+ {[%clk 0:47:51]} Kf8 {[%clk 0:14:24]} 30. b4
{[%clk 0:38:37]} Nd7 {[%clk 0:13:58]} 31. Qh8+ {[%clk 0:33:07]} Ke7
{[%clk 0:14:24]} 32. Qg7 {[%clk 0:33:13]} Qf8 {[%clk 0:13:51]} 33. Qxf8+
{[%clk 0:33:17]} Kxf8 {[%clk 0:14:10]} 34. g4 {[%clk 0:33:40]} Kg7
{[%clk 0:14:02]} 35. g5 {[%clk 0:34:02]} Ne5 {[%clk 0:13:22]} 36. f4
{[%clk 0:32:52]} Nf3+ {[%clk 0:11:56]} 37. Kf2 {[%clk 0:30:13]} Nd2
{[%clk 0:09:16]} 38. Rc7 {[%clk 0:28:01]} Rf8 {[%clk 0:09:44]} 39. Rxa7
{[%clk 0:27:55]} Nc4 {[%clk 0:10:08]} 40. b5 {[%clk 0:54:16]} e5 {[%clk 0:39:31]}
41. a4 {[%clk 0:52:58]} exf4 {[%clk 0:39:50]} 42. exf4 {[%clk 0:53:25]} Nd6
{[%clk 0:38:50]} 43. Kf3 {[%clk 0:51:18]} Nf5 {[%clk 0:34:41]} 44. Nxf5+
{[%clk 0:50:54]} gxf5 {[%clk 0:35:10]} 45. Rb7 {[%clk 0:50:26]} Ra8
{[%clk 0:35:38]} 46. Rxb6 {[%clk 0:50:48]} Rxa4 {[%clk 0:36:07]} 47. Rf6
{[%clk 0:50:58]} Ra3+ {[%clk 0:36:06]} 48. Kg2 {[%clk 0:51:26]} Ra2+
{[%clk 0:36:16]} 49. Kg3 {[%clk 0:51:53]} Ra3+ {[%clk 0:36:30]} 50. Kh4
{[%clk 0:52:13]} Rb3 {[%clk 0:36:25]} 51. Rxf5 {[%clk 0:52:39]} Rc3
{[%clk 0:36:24]} 52. b6 {[%clk 0:51:34]} Rb3 {[%clk 0:36:52]} 53. Rf6
{[%clk 0:51:55]} Kf8 {[%clk 0:36:37]} 54. Kxh5 {[%clk 0:47:48]} Rxh3+
{[%clk 0:36:57]} 55. Kg4 {[%clk 0:48:16]} Rb3 {[%clk 0:37:18]} 56. Kf5
{[%clk 0:48:41]} Ke7 {[%clk 0:36:48]} 57. Ke5 {[%clk 0:49:06]} Rb5+
{[%clk 0:36:47]} 58. Kd4 {[%clk 0:49:33]} Rb1 {[%clk 0:36:21]} 59. Kc5
{[%clk 0:49:52]} Rc1+ {[%clk 0:36:35]} 60. Kb5 {[%clk 0:50:12]} Rb1+
{[%clk 0:37:02]} 61. Ka6 {[%clk 0:50:41]} Ra1+ {[%clk 0:37:20]} 62. Kb7
{[%clk 0:50:57]} Rb1 {[%clk 0:37:47]} 63. Kc7 {[%clk 0:50:21]} Rc1+
{[%clk 0:37:47]} 64. Rc6 {[%clk 0:50:48]} Rf1 65. Rc4 1-0

[Event "WCO 2016"]
[Site "?"]
[Date "2016.09.13"]
[Round "11"]
[Board "14"]
[WhiteID "11102470"]
[White "Murray Donna"]
[BlackID "10800310"]
[Black "Wambugu Jane Wanjiru"]
[Result "1-0"]
[BlackElo "1542"]
[WhiteElo "1419"]
[LiveChessVersion "1.4.8"]

1. d4 {[%clk 1:30:56]} c6 {[%clk 1:30:51]} 2. c4 {[%clk 1:30:43]} d5
{[%clk 1:31:15]} 3. e3 {[%clk 1:30:40]} g6 {[%clk 1:31:22]} 4. Nf3
{[%clk 1:29:54]} Bg4 {[%clk 1:31:43]} 5. cxd5 {[%clk 1:28:45]} Qa5+
{[%clk 1:27:43]} 6. Bd2 {[%clk 1:28:16]} Qxd5 {[%clk 1:27:23]} 7. Be2
{[%clk 1:28:03]} Bg7 {[%clk 1:25:15]} 8. Nc3 {[%clk 1:26:51]} Qd8
{[%clk 1:24:42]} 9. O-O {[%clk 1:26:29]} e6 {[%clk 1:24:36]} 10. Rc1
{[%clk 1:24:44]} Nf6 {[%clk 1:22:27]} 11. Ne5 {[%clk 1:24:16]} Bxe2
{[%clk 1:22:40]} 12. Qxe2 {[%clk 1:24:30]} O-O {[%clk 1:22:59]} 13. Rfd1
{[%clk 1:24:08]} Nbd7 {[%clk 1:20:36]} 14. Na4 {[%clk 1:23:49]} Nxe5
{[%clk 1:18:17]} 15. dxe5 {[%clk 1:23:56]} Nd7 {[%clk 1:18:25]} 16. Bc3
{[%clk 1:24:06]} Qc7 {[%clk 1:18:31]} 17. f4 {[%clk 1:17:39]} Rfd8
{[%clk 1:11:34]} 18. Bb4 {[%clk 1:13:07]} Bf8 {[%clk 1:01:47]} 19. Bxf8
{[%clk 1:09:52]} Kxf8 {[%clk 1:01:57]} 20. Nc3 {[%clk 1:09:41]} Qb6
{[%clk 0:57:20]} 21. Ne4 {[%clk 1:08:17]} Kg7 {[%clk 0:56:06]} 22. Kh1
{[%clk 1:07:54]} h6 {[%clk 0:55:24]} 23. h4 {[%clk 1:06:22]} Nf8 {[%clk 0:54:35]}
24. h5 {[%clk 1:03:26]} Rxd1+ {[%clk 0:45:27]} 25. Rxd1 {[%clk 1:03:46]} Rd8
{[%clk 0:45:46]} 26. Nd6 {[%clk 1:00:43]} Rd7 {[%clk 0:34:56]} 27. e4
{[%clk 0:53:57]} Qd8 {[%clk 0:29:45]} 28. Qg4 {[%clk 0:52:08]} Kh7
{[%clk 0:25:18]} 29. Kh2 {[%clk 0:49:28]} f5 {[%clk 0:21:19]} 30. hxg6+
{[%clk 0:47:57]} Nxg6 {[%clk 0:16:53]} 31. exf5 {[%clk 0:48:01]} exf5
{[%clk 0:16:18]} 32. Qxf5 {[%clk 0:47:30]} Qh4+ {[%clk 0:16:12]} 33. Kg1
{[%clk 0:46:26]} Re7 {[%clk 0:13:17]} 34. Rf1 {[%clk 0:38:14]} Qg3
{[%clk 0:10:24]} 35. Rf3 {[%clk 0:34:34]} Qe1+ {[%clk 0:09:58]} 36. Kh2
{[%clk 0:34:52]} Rg7 {[%clk 0:08:52]} 37. Ne8 {[%clk 0:33:15]} Qh4+
{[%clk 0:05:57]} 38. Kg1 {[%clk 0:32:41]} Qe1+ {[%clk 0:03:20]} 39. Rf1
{[%clk 0:31:09]} Qe3+ {[%clk 0:03:14]} 40. Kh1 {[%clk 1:00:57]} Re7
{[%clk 0:32:43]} 41. Nf6+ {[%clk 0:59:40]} Kg7 {[%clk 0:32:36]} 42. Nh5+
{[%clk 0:59:38]} Kh7 {[%clk 0:32:45]} 43. Rf3 {[%clk 0:58:02]} Qc1+
{[%clk 0:26:06]} 44. Kh2 {[%clk 0:53:44]} Qc4 {[%clk 0:24:43]} 45. Nf6+
{[%clk 0:42:25]} Kg7 {[%clk 0:24:26]} 46. Qc8 {[%clk 0:32:52]} Nxf4
{[%clk 0:15:38]} 47. Qg4+ {[%clk 0:24:35]} Kh8 {[%clk 0:13:12]} 48. Rxf4
{[%clk 0:20:51]} Qxa2 {[%clk 0:11:21]} 49. Qc8+ {[%clk 0:19:33]} 1-0

[Event "WCO 2016"]
[Site "?"]
[Date "2016.09.13"]
[Round "11"]
[Board "15"]
[WhiteID "10800514"]
[White "Maina Purity"]
[BlackID "11102330"]
[Black "Cumberbatch Gabriela"]
[Result "1/2-1/2"]
[BlackElo "1312"]
[WhiteElo "1528"]
[LiveChessVersion "1.4.8"]

1. e4 {[%clk 1:30:57]} d5 {[%clk 1:30:44]} 2. exd5 {[%clk 1:30:28]} Qxd5
{[%clk 1:31:02]} 3. Nc3 {[%clk 1:30:08]} Qd6 {[%clk 1:31:12]} 4. d4
{[%clk 1:30:03]} Nf6 {[%clk 1:31:27]} 5. h3 {[%clk 1:28:35]} g6 {[%clk 1:31:15]}
6. Nf3 {[%clk 1:28:42]} Bg7 {[%clk 1:29:36]} 7. Be3 {[%clk 1:28:42]} a6
{[%clk 1:28:16]} 8. Bc4 {[%clk 1:28:31]} b5 {[%clk 1:26:46]} 9. Bb3
{[%clk 1:28:12]} Nbd7 {[%clk 1:24:46]} 10. O-O {[%clk 1:27:53]} Bb7
{[%clk 1:21:39]} 11. Qd2 {[%clk 1:27:28]} O-O {[%clk 1:18:56]} 12. Bf4
{[%clk 1:20:49]} Qb6 {[%clk 1:14:49]} 13. Ne5 {[%clk 1:10:36]} Nxe5
{[%clk 1:11:52]} 14. dxe5 {[%clk 1:07:09]} Rad8 {[%clk 1:08:46]} 15. Qe2
{[%clk 1:06:46]} Nh5 {[%clk 1:02:49]} 16. Bg5 {[%clk 1:02:26]} Ng3
{[%clk 0:55:55]} 17. Qe1 {[%clk 0:53:23]} Nxf1 {[%clk 0:55:38]} 18. Kxf1
{[%clk 0:53:34]} Rfe8 {[%clk 0:53:56]} 19. Qe2 {[%clk 0:42:59]} c5
{[%clk 0:52:58]} 20. a4 {[%clk 0:35:05]} c4 {[%clk 0:52:00]} 21. Ba2
{[%clk 0:33:40]} f6 {[%clk 0:50:28]} 22. exf6 {[%clk 0:23:29]} exf6
{[%clk 0:49:58]} 23. Be3 {[%clk 0:22:29]} Qc6 24. f3 {[%clk 0:14:19]} Qc7
{[%clk 0:44:28]} 25. axb5 {[%clk 0:10:52]} axb5 {[%clk 0:36:32]} 26. Nxb5
{[%clk 0:08:00]} Qe5 {[%clk 0:34:57]} 27. Bxc4+ {[%clk 0:05:42]} Kh8
{[%clk 0:34:43]} 28. Re1 {[%clk 0:05:31]} Qxb2 29. Bd3 {[%clk 0:04:59]} Bh6
{[%clk 0:31:47]} 30. Qf2 {[%clk 0:05:19]} Bxe3 {[%clk 0:31:18]} 31. Rxe3
{[%clk 0:05:30]} Qc1+ {[%clk 0:29:31]} 32. Re1 {[%clk 0:05:40]} Rxe1+
{[%clk 0:27:53]} 33. Qxe1 {[%clk 0:06:01]} Qxe1+ {[%clk 0:28:14]} 34. Kxe1
{[%clk 0:06:29]} Ba6 {[%clk 0:27:26]} 35. Ke2 {[%clk 0:04:50]} Kg7
{[%clk 0:26:37]} 36. c4 {[%clk 0:04:17]} Rc8 {[%clk 0:23:45]} 37. Nd6
{[%clk 0:03:20]} Rc6 {[%clk 0:23:12]} 38. Nb5 {[%clk 0:03:09]} Kf7
{[%clk 0:22:19]} 39. Ke3 {[%clk 0:02:51]} Ke7 {[%clk 0:18:24]} 40. Kd4
{[%clk 0:30:51]} Kd7 {[%clk 0:45:54]} 41. Be4 {[%clk 0:24:17]} Rb6
{[%clk 0:42:17]} 42. Kc5 {[%clk 0:23:38]} Bxb5 43. cxb5 {[%clk 0:23:52]} Kc7
{[%clk 0:40:24]} 44. Bd5 {[%clk 0:24:01]} h6 {[%clk 0:39:56]} 45. Bc6
{[%clk 0:23:40]} Rb8 {[%clk 0:39:29]} 46. Kd5 {[%clk 0:23:54]} Rf8
{[%clk 0:38:37]} 47. Ke6 {[%clk 0:24:04]} f5 {[%clk 0:37:05]} 48. Ke7
{[%clk 0:24:19]} Rd8 {[%clk 0:37:24]} 49. Kf7 {[%clk 0:22:35]} Rd6
{[%clk 0:37:04]} 50. Kg7 {[%clk 0:22:40]} g5 {[%clk 0:36:10]} 51. Be8
{[%clk 0:18:20]} Re6 {[%clk 0:33:49]} 52. Bg6 {[%clk 0:15:33]} Re2
{[%clk 0:32:45]} 53. g4 {[%clk 0:13:59]} fxg4 {[%clk 0:32:24]} 54. hxg4
{[%clk 0:11:56]} Rh2 {[%clk 0:31:42]} 55. Bh5 {[%clk 0:10:51]} Rf2
{[%clk 0:30:42]} 56. Kxh6 {[%clk 0:10:32]} Rxf3 {[%clk 0:31:05]} 57. Kxg5
{[%clk 0:10:57]} Rg3 {[%clk 0:31:08]} 58. Kf5 {[%clk 0:10:40]} Kb6
{[%clk 0:31:25]} 59. Be8 {[%clk 0:10:41]} Re3 {[%clk 0:31:15]} 60. Bc6
{[%clk 0:10:59]} Re7 {[%clk 0:31:00]} 61. g5 {[%clk 0:11:13]} Rg7
{[%clk 0:30:20]} 62. g6 {[%clk 0:11:03]} Rg8 {[%clk 0:28:55]} 63. Kf6
{[%clk 0:11:25]} Rf8+ {[%clk 0:28:04]} 64. Kg7 {[%clk 0:11:23]} Rf4
{[%clk 0:26:53]} 65. Kh7 {[%clk 0:09:21]} Rh4+ {[%clk 0:27:13]} 66. Kg8
{[%clk 0:09:38]} Rf4 {[%clk 0:26:27]} 67. g7 {[%clk 0:09:23]} Rg4
{[%clk 0:26:11]} 68. Be8 {[%clk 0:06:46]} Rg3 {[%clk 0:25:01]} 69. Kf8
{[%clk 0:07:01]} Rf3+ {[%clk 0:23:40]} 70. Bf7 {[%clk 0:06:41]} Rg3
{[%clk 0:24:04]} 71. g8=Q {[%clk 0:04:20]} Rxg8+ {[%clk 0:24:22]} 1/2-1/2

[Event "WCO 2016"]
[Site "?"]
[Date "2016.09.13"]
[Round "11"]
[Board "16"]
[WhiteID "11103230"]
[White "Sandiford Segan"]
[BlackID "10802886"]
[Black "Joyce Nyaruai"]
[Result "0-1"]
[BlackElo "1482"]
[WhiteElo "1226"]
[LiveChessVersion "1.4.8"]

1. c4 {[%clk 1:30:57]} Nf6 {[%clk 1:30:41]} 2. g3 {[%clk 1:31:10]} e6
{[%clk 1:30:38]} 3. Bg2 {[%clk 1:31:19]} Be7 {[%clk 1:30:22]} 4. Nf3
{[%clk 1:31:01]} d5 {[%clk 1:30:39]} 5. O-O {[%clk 1:31:00]} O-O {[%clk 1:30:58]}
6. b3 {[%clk 1:30:27]} c5 {[%clk 1:29:04]} 7. e3 {[%clk 1:27:51]} Nc6
{[%clk 1:29:03]} 8. Bb2 {[%clk 1:28:04]} b6 {[%clk 1:28:47]} 9. Na3
{[%clk 1:21:47]} Bb7 {[%clk 1:28:38]} 10. Nc2 {[%clk 1:22:00]} Rc8
{[%clk 1:28:09]} 11. Rc1 {[%clk 1:21:22]} dxc4 {[%clk 1:28:15]} 12. bxc4
{[%clk 1:21:38]} Qd7 {[%clk 1:28:02]} 13. Qe2 {[%clk 1:20:28]} Rfd8
{[%clk 1:26:50]} 14. Rfd1 {[%clk 1:19:25]} Qc7 {[%clk 1:25:12]} 15. d3
{[%clk 1:15:11]} Rd7 {[%clk 1:24:57]} 16. Nd2 {[%clk 1:10:07]} Rcd8
{[%clk 1:24:15]} 17. Ne4 {[%clk 1:10:04]} Ne5 18. Nxf6+ {[%clk 0:57:47]} Bxf6
{[%clk 1:19:38]} 19. Bxb7 {[%clk 0:53:41]} Qxb7 {[%clk 1:19:58]} 20. Ne1
{[%clk 0:53:10]} Rd6 {[%clk 1:11:13]} 21. f4 {[%clk 0:52:23]} Ng4
{[%clk 1:08:14]} 22. Bxf6 {[%clk 0:43:52]} Nxf6 {[%clk 1:06:25]} 23. Rc3
{[%clk 0:43:24]} Ne4 {[%clk 1:06:05]} 24. Qf3 {[%clk 0:39:49]} f5
{[%clk 1:06:11]} 25. Rb1 {[%clk 0:39:18]} Nxc3 {[%clk 0:54:30]} 26. Qxb7
{[%clk 0:39:36]} Nxb1 {[%clk 0:54:52]} 27. Qxa7 {[%clk 0:38:41]} Nc3
{[%clk 0:54:19]} 28. Qa3 {[%clk 0:37:10]} Rxd3 {[%clk 0:54:07]} 29. Nxd3
{[%clk 0:37:03]} Rxd3 {[%clk 0:52:38]} 30. Qa8+ {[%clk 0:33:49]} Kf7
{[%clk 0:51:42]} 31. Qb7+ {[%clk 0:33:41]} Kf6 {[%clk 0:51:29]} 32. Qxb6
{[%clk 0:33:05]} Rxe3 {[%clk 0:51:43]} 33. Qd8+ {[%clk 0:31:42]} Kf7
{[%clk 0:49:44]} 34. Qc7+ {[%clk 0:30:53]} Kg6 {[%clk 0:49:15]} 35. Qxc5
{[%clk 0:25:22]} Re1+ {[%clk 0:48:50]} 36. Kg2 {[%clk 0:25:12]} Re2+
{[%clk 0:49:05]} 37. Kf3 {[%clk 0:17:55]} Ne4 {[%clk 0:48:31]} 38. Qe7
{[%clk 0:14:52]} Rxa2 {[%clk 0:30:11]} 39. Qxe6+ {[%clk 0:14:52]} Nf6
{[%clk 0:26:58]} 40. c5 {[%clk 0:41:27]} Rxh2 {[%clk 0:56:23]} 41. c6
{[%clk 0:41:24]} Rc2 {[%clk 0:56:18]} 42. Ke3 {[%clk 0:37:01]} Rc1
{[%clk 0:48:57]} 43. Kd4 {[%clk 0:36:18]} h6 {[%clk 0:48:37]} 44. Kd3
{[%clk 0:34:03]} Rc5 {[%clk 0:47:27]} 45. Qd6 {[%clk 0:33:37]} Rd5+
{[%clk 0:47:32]} 46. Qxd5 {[%clk 0:33:58]} Nxd5 {[%clk 0:47:52]} 47. Kd4
{[%clk 0:34:21]} Ne7 {[%clk 0:45:34]} 48. c7 {[%clk 0:34:04]} Kf6
{[%clk 0:45:29]} 49. Kc5 {[%clk 0:34:00]} Ke6 50. Kd4 {[%clk 0:32:26]} Kd6
{[%clk 0:45:58]} 51. Ke3 {[%clk 0:23:56]} Kxc7 {[%clk 0:46:23]} 52. Kf3
{[%clk 0:24:17]} h5 {[%clk 0:46:36]} 53. Kg2 {[%clk 0:24:27]} Kd6
{[%clk 0:46:50]} 54. Kh3 {[%clk 0:24:49]} Ng6 {[%clk 0:47:15]} 55. Kg2
{[%clk 0:24:50]} Kd5 {[%clk 0:47:21]} 56. Kf3 {[%clk 0:21:52]} Kd4
{[%clk 0:47:32]} 57. Ke2 {[%clk 0:22:06]} Ke4 {[%clk 0:47:36]} 58. Kf2
{[%clk 0:22:30]} h4 {[%clk 0:47:31]} 59. gxh4 {[%clk 0:22:45]} Nxh4
{[%clk 0:47:49]} 60. Kg3 {[%clk 0:23:12]} Ng2 {[%clk 0:47:27]} 61. Kxg2
{[%clk 0:23:31]} Kxf4 {[%clk 0:47:51]} 62. Kf2 {[%clk 0:17:36]} g5 0-1

[Event "WCO 2016"]
[Site "?"]
[Date "2016.09.13"]
[Round "11"]
[Board "13"]
[WhiteID "31000410"]
[White "Szekely Olga"]
[BlackID "16700198"]
[Black "Shahudha Mohammed"]
[Result "1/2-1/2"]
[BlackElo "1022"]
[WhiteElo "1754"]
[LiveChessVersion "1.4.8"]

1. e4 {[%clk 1:30:48]} e5 {[%clk 1:30:46]} 2. Nf3 {[%clk 1:31:05]} Nc6
{[%clk 1:31:06]} 3. Bb5 {[%clk 1:31:26]} Nf6 {[%clk 1:30:50]} 4. d3
{[%clk 1:31:15]} Bc5 {[%clk 1:31:09]} 5. Bxc6 {[%clk 1:30:52]} dxc6
{[%clk 1:30:23]} 6. Nbd2 {[%clk 1:27:54]} Bd6 {[%clk 1:28:27]} 7. Nc4
{[%clk 1:27:02]} Qe7 {[%clk 1:27:56]} 8. Bd2 {[%clk 1:25:15]} Be6
{[%clk 1:26:43]} 9. Ne3 {[%clk 1:19:20]} O-O {[%clk 1:26:10]} 10. Nf5
{[%clk 1:18:48]} Bxf5 {[%clk 1:25:20]} 11. exf5 {[%clk 1:19:14]} e4
{[%clk 1:22:14]} 12. dxe4 {[%clk 1:12:57]} Qxe4+ {[%clk 1:20:08]} 13. Kf1
{[%clk 1:03:23]} Qxf5 {[%clk 1:17:05]} 14. h3 {[%clk 0:58:17]} Qb5+
{[%clk 1:14:30]} 15. Kg1 {[%clk 0:56:49]} Ne4 {[%clk 1:09:59]} 16. g4
{[%clk 0:53:32]} Rfe8 {[%clk 1:00:49]} 17. a4 {[%clk 0:51:27]} Qd5
{[%clk 0:51:41]} 18. Be3 {[%clk 0:48:20]} Qxd1+ {[%clk 0:48:45]} 19. Rxd1
{[%clk 0:48:39]} Bc5 {[%clk 0:46:52]} 20. Bd4 {[%clk 0:42:17]} Rad8
{[%clk 0:43:41]} 21. Kg2 {[%clk 0:41:12]} Bxd4 {[%clk 0:42:33]} 22. Rxd4
{[%clk 0:36:43]} Rxd4 {[%clk 0:41:15]} 23. Nxd4 {[%clk 0:37:06]} Nd6
{[%clk 0:37:11]} 24. b3 {[%clk 0:32:09]} c5 {[%clk 0:36:33]} 25. Nb5
{[%clk 0:31:56]} Nxb5 {[%clk 0:36:25]} 26. axb5 {[%clk 0:32:15]} a6
{[%clk 0:33:58]} 27. bxa6 {[%clk 0:32:22]} bxa6 {[%clk 0:34:10]} 28. Ra1
{[%clk 0:31:44]} Ra8 {[%clk 0:33:32]} 29. Ra4 {[%clk 0:22:04]} Ra7
{[%clk 0:31:25]} 30. Rc4 {[%clk 0:22:05]} a5 {[%clk 0:30:58]} 31. Rxc5
{[%clk 0:21:49]} 1/2-1/2

[Event "WCO 2016"]
[Site "?"]
[Date "2016.09.13"]
[Round "11"]
[Board "17"]
[WhiteID "10301283"]
[White "Almeraj Etedal"]
[BlackID "7800711"]
[Black "Begum Ghazala"]
[Result "0-1"]
[BlackElo "1668"]
[WhiteElo "1072"]
[LiveChessVersion "1.4.8"]

1. e4 {[%clk 1:30:57]} d6 {[%clk 1:30:38]} 2. Nf3 {[%clk 1:31:06]} Nf6
{[%clk 1:31:05]} 3. Nc3 {[%clk 1:31:18]} a6 {[%clk 1:30:54]} 4. Bc4
{[%clk 1:30:57]} Bg4 {[%clk 1:31:02]} 5. O-O {[%clk 1:30:02]} g6 {[%clk 1:31:16]}
6. d3 {[%clk 1:29:48]} c5 {[%clk 1:31:07]} 7. Bf4 {[%clk 1:28:08]} Nc6
{[%clk 1:30:39]} 8. Ng5 {[%clk 1:25:20]} Bxd1 {[%clk 1:30:19]} 9. Nxf7
{[%clk 1:25:03]} Qb6 {[%clk 1:29:04]} 10. Nxh8 {[%clk 1:24:18]} Bg4
{[%clk 1:27:38]} 11. Bf7+ {[%clk 1:23:27]} Kd7 {[%clk 1:27:01]} 12. Na4
{[%clk 1:19:15]} Qa5 {[%clk 1:25:21]} 13. b3 {[%clk 1:19:00]} Bg7
{[%clk 1:25:18]} 14. Nxg6 {[%clk 1:13:51]} hxg6 {[%clk 1:25:43]} 15. Bxg6
{[%clk 1:14:12]} Nh5 {[%clk 1:25:16]} 16. Be3 {[%clk 1:09:58]} Bxa1
{[%clk 1:25:22]} 17. Rxa1 {[%clk 1:10:06]} Nf6 {[%clk 1:25:13]} 18. Rd1
{[%clk 1:09:56]} b5 {[%clk 1:24:52]} 19. Bd2 {[%clk 1:10:07]} Qc7
{[%clk 1:24:44]} 20. Nxc5+ {[%clk 1:06:02]} dxc5 {[%clk 1:25:10]} 21. f3
{[%clk 1:06:07]} Bxf3 {[%clk 1:25:08]} 22. gxf3 {[%clk 1:06:24]} Rg8
{[%clk 1:25:31]} 23. e5 {[%clk 1:03:22]} Nxe5 {[%clk 1:24:22]} 24. Kf1
{[%clk 1:03:06]} Nxg6 {[%clk 1:24:35]} 25. c4 {[%clk 1:00:49]} b4
{[%clk 1:24:39]} 26. d4 {[%clk 0:58:59]} cxd4 {[%clk 1:24:13]} 27. Bxb4
{[%clk 0:59:13]} Qf4 {[%clk 1:23:58]} 28. Rd3 {[%clk 0:58:12]} Kc6
{[%clk 1:23:48]} 29. Bxe7 {[%clk 0:55:33]} Nxe7 {[%clk 1:23:51]} 30. a4
{[%clk 0:54:37]} Qc1+ {[%clk 1:23:52]} 31. Ke2 {[%clk 0:54:54]} Rg2#
{[%clk 1:24:17]} 0-1